| 000 | 00558nam a22001817a 4500 | ||
|---|---|---|---|
| 999 |
_c17932 _d17932 |
||
| 003 | AR-CdUCM | ||
| 008 | 190510b ||||| |||| 00| 0 spa d | ||
| 040 |
_aMUNICIPALIDAD PROVINCIAL DEL CUSCO _cBIBLIOTECA MUNICIPAL DEL CUSCO |
||
| 082 |
_a128.3 / _bS28 |
||
| 100 |
_aSidorov, M _938198 |
||
| 245 | _aCómo el hombre llegó a pensar / | ||
| 260 |
_aBuenos Aires : _bCartago, _c1967. |
||
| 300 |
_a134 páginas ; _c20 cm. |
||
| 505 | _aLo mas valioso -- De la selva a las estrellas -- | ||
| 650 |
_aLiteratura. _983 |
||
| 942 |
_2ddc _cLIBROS |
||
| 945 | _awfj | ||